| 000 | 00828nam a2200217Ia 4500 | ||
|---|---|---|---|
| 003 | Ost | ||
| 005 | 20260507075109.0 | ||
| 008 | 260507s9999||||xx |||||||||||||| ||und|| | ||
| 040 | _cfsecg | ||
| 041 | _aara | ||
| 082 | _a330 | ||
| 100 |
_aالقاضي، زياد وأخرون _eمؤلف |
||
| 245 | 0 |
_aمقدمة الى الانترنت / _c زياد وأخرون القاضي |
|
| 260 |
_aعمان: _bدار صفاء للنشر والتوزيع, _c2000 |
||
| 300 |
_a216 صفحة؛ _bصور وأشكال _c24 سم |
||
| 520 | _aيقدم هذا الكتاب شرح مبسطللانترنيت مع صور ورسومات لتسليط المحتوى كما يحكي بالتدرج عن تطور الأنترنيت | ||
| 653 | _aانترنت | ||
| 653 | _aشبكات الإتصال | ||
| 653 | _aويب | ||
| 942 | _cكتاب | ||
| 999 |
_c42844 _d42844 |
||